[Event "Erbil Khanzad Cup 11th"]
[Site "Erbil"]
[Date "2018.06.01"]
[Round "5"]
[White "Nozhana, Essa Ali"]
[Black "Baxtyar, Hama Salih Ahmed"]
[Result "1-0"]
[WhiteElo "1493"]
[BlackElo "1693"]
[PlyCount "77"]
[EventDate "2018.05.31"]
[EventType "swiss"]
[EventRounds "7"]
[EventCountry "IRQ"]
[SourceTitle "EXT 2019"]
[Source "ChessBase"]
[SourceDate "2018.10.10"]
[SourceVersion "1"]
[SourceVersionDate "2018.10.10"]
[SourceQuality "1"]

1. e4 Nc6 2. d4 e6 3. Nf3 b6 4. Nc3 Bb7 5. Bd3 Nb4 6. Be2 d5 7. e5 c5 8. dxc5 Bxc5 9. a3 Nc6 10. b4 Bf8 11. b5 Na5 12. 0-0 Rc8 13. Na4 Nc4 14. Qd4 Ne7 15. Bd3 Ng6 16. h4 Bc5 17. Nxc5 bxc5 18. Qg4 Qc7 19. Re1 Qa5 20. Re2 Qc3 21. Rb1 Ncxe5 22. Nxe5 Nxe5 23. Qa4 Nxd3 24. b6+ Bc6 25. b7 Ke7 26. bxc8Q Rxc8 27. Qxa7+ Bd7 28. cxd3 Qxd3 29. Reb2 h6 30. Rb7 Kf6 31. Bf4 e5 32. R1b6+ Be6 33. Rxf7+ Kg6 34. Rxe6+ Kh5 35. Rxe5+ Kxh4 36. Qe7+ g5 37. Bxg5+ Kg4 38. f3+ Kg3 39. Bf4# 1-0